000 00454nam a2200193Ia 4500
005 20240823062451.0
008 240823s9999||||xx |||||||||||||| ||und||
041 _aENGLISH
082 _A004 N5
100 _aMithal G K
245 0 _aComputer Objectives
250 _a2nd
260 _c1995
_bG K Jabalpur
500 _aTransfered
650 _aComputer Science
_bComputer Applications
700 _a Bansal P K
942 _cBK
999 _c235947
_d235947